[Event "SUI-chT"]
[Site "Switzerland"]
[Date "2022.05.15"]
[Round "2.8"]
[White "Alic, Miran"]
[Black "Loetscher, Pirmin"]
[Result "0-1"]
[WhiteElo "2029"]
[BlackElo "2051"]
[PlyCount "62"]
[EventDate "2022.05.01"]
[EventType "team-tourn"]
[EventRounds "9"]
[EventCountry "SUI"]
[SourceTitle "EXT 2023"]
[Source "ChessBase"]
[SourceDate "2022.10.05"]
[SourceVersion "1"]
[SourceVersionDate "2022.10.05"]
[SourceQuality "1"]
[WhiteTeam "Nimzowitsch"]
[BlackTeam "Luzern"]
[WhiteTeamCountry "SUI"]
[BlackTeamCountry "SUI"]

1. d4 d5 2. Nf3 Nf6 3. g3 e6 4. Bg2 Be7 5. 0-0 0-0 6. c4 Nbd7 7. Nc3 dxc4 8. e4 Bb4 9. e5 Nd5 10. Ne4 f5 11. Neg5 Qe8 12. a3 Ba5 13. Qa4 Bb6 14. Qxc4 c6 15. Nxe6 Qxe6 16. Ng5 Qe7 17. Bxd5+ cxd5 18. Qxd5+ Kh8 19. Bd2 h6 20. Nf3 Nb8 21. Bb4 Rd8 22. Bd6 Be6 23. Qb5 Qf7 24. Rac1 Nc6 25. Rfd1 Bd5 26. Nh4 Nxd4 27. Rxd4 Bxd4 28. Rc7 Rac8 29. Ng6+ Qxg6 30. Qxd5 Bxf2+ 31. Kxf2 Rxc7 0-1

[Event "SUI-chT"]
[Site "Switzerland"]
[Date "2003.03.23"]
[Round "2.7"]
[White "Zenklusen, Rico"]
[Black "Loetscher, Pirmin"]
[Result "1-0"]
[WhiteElo "2297"]
[BlackElo "2236"]
[PlyCount "69"]
[EventDate "2003.03.23"]
[EventType "team-tourn"]
[EventRounds "9"]
[EventCountry "SUI"]
[SourceTitle "EXT 2004"]
[Source "ChessBase"]
[SourceDate "2003.11.25"]
[SourceVersion "1"]
[SourceVersionDate "2003.11.25"]
[SourceQuality "1"]
[WhiteTeam "Bern"]
[BlackTeam "Luzern"]
[WhiteTeamCountry "SUI"]
[BlackTeamCountry "SUI"]

1. e4 c5 2. Nf3 d6 3. d4 cxd4 4. Nxd4 Nf6 5. Nc3 g6 6. Be3 Bg7 7. f3 0-0 8. Qd2 Nc6 9. 0-0-0 d5 10. exd5 Nxd5 11. Nxc6 bxc6 12. Bd4 e5 13. Bc5 Be6 14. Bc4 Qh4 15. Bxd5 cxd5 16. Nxd5 Qc4 17. Qa5 Rfe8 18. b3 Qh4 19. Nc7 Qg5+ 20. Kb1 e4 21. Nxe8 Rxe8 22. f4 Qf6 23. Bd4 Qxf4 24. Bxg7 Kxg7 25. Qxa7 Bf5 26. h3 h5 27. Qd4+ f6 28. g4 Be6 29. Rhf1 Qg5 30. Qxe4 hxg4 31. Qb7+ Kh6 32. hxg4 Bxg4 33. Rh1+ Bh5 34. Rdg1 Qf5 35. Rxh5+ 1-0

[Event "SUI-ch"]
[Site "Scuol"]
[Date "2001.07.14"]
[Round "3"]
[White "Loetscher, Pirmin"]
[Black "Zanetti, Bruno"]
[Result "1-0"]
[WhiteElo "2129"]
[BlackElo "2134"]
[PlyCount "39"]
[EventDate "2001.07.12"]
[EventType "swiss"]
[EventRounds "9"]
[EventCountry "SUI"]
[SourceTitle "CBM 083 Extra"]
[Source "ChessBase"]
[SourceDate "2001.09.11"]
[SourceVersion "1"]
[SourceVersionDate "2001.09.11"]
[SourceQuality "1"]

1. e4 c5 2. Nf3 Nc6 3. d4 cxd4 4. Nxd4 e5 5. Nb5 d6 6. c4 a6 7. N5c3 Nf6 8. Be2 Nd4 9. 0-0 Nxe2+ 10. Qxe2 Be6 11. b3 Be7 12. Bb2 0-0 13. Na3 Rc8 14. Nc2 Qa5 15. f4 exf4 16. Nd5 Qd8 17. Rxf4 Nxd5 18. exd5 Bg5 19. dxe6 Bxf4 20. e7 1-0

[Event "Zuerich op 24th"]
[Site "Zuerich"]
[Date "2000.12.26"]
[Round "1"]
[White "Loetscher, Pirmin"]
[Black "Vidonyak, Roman"]
[Result "0-1"]
[WhiteElo "2096"]
[BlackElo "2423"]
[PlyCount "78"]
[EventDate "2000.12.26"]
[EventType "swiss"]
[EventRounds "7"]
[EventCountry "SUI"]
[SourceTitle "EXT 2002"]
[Source "ChessBase"]
[SourceDate "2001.11.25"]
[SourceVersion "1"]
[SourceVersionDate "2001.11.25"]
[SourceQuality "1"]

1. e4 e5 2. Nf3 Nc6 3. Bb5 Nf6 4. 0-0 Nxe4 5. d4 Nd6 6. Bxc6 dxc6 7. dxe5 Nf5 8. Qxd8+ Kxd8 9. Nc3 h6 10. Bf4 Be6 11. Rfd1+ Kc8 12. Ne2 c5 13. Nc3 b6 14. a4 a5 15. Nd5 Kb7 16. Bg3 Re8 17. Nf4 Bc8 18. Rd5 g5 19. Nh5 c6 20. Nf6 cxd5 21. Nxe8 Be7 22. Nf6 Bxf6 23. exf6 Nxg3 24. hxg3 Re8 25. Kf1 Kc6 26. Ra3 g4 27. Ne1 Ba6+ 28. Nd3 Re6 29. f4 Rxf6 30. Kf2 Bxd3 31. Rxd3 Re6 32. Rd1 d4 33. Rh1 c4 34. Rh5 d3 35. cxd3 cxd3 36. f5 Re2+ 37. Kf1 Re5 38. Rxh6+ Kc5 39. Rh8 d2 0-1

[Event "Zuerich op-A 23th"]
[Site "Zuerich"]
[Date "1999.12.29"]
[Round "6"]
[White "Palmer, Christian"]
[Black "Loetscher, Pirmin"]
[Result "0-1"]
[WhiteElo "2122"]
[BlackElo "2085"]
[PlyCount "68"]
[EventDate "1999.12.26"]
[EventType "swiss"]
[EventRounds "7"]
[EventCountry "SUI"]
[SourceTitle "CBM 073 Extra"]
[Source "ChessBase"]
[SourceDate "2000.01.11"]
[SourceVersion "1"]
[SourceVersionDate "2000.01.11"]
[SourceQuality "1"]

1. e4 c5 2. Nf3 d6 3. d4 cxd4 4. Nxd4 Nf6 5. Nc3 g6 6. Bc4 Bg7 7. f3 Nc6 8. Be3 0-0 9. Qd2 Bd7 10. 0-0-0 Ne5 11. Bb3 Qa5 12. g4 Rfc8 13. h4 b5 14. h5 Nc4 15. Bxc4 bxc4 16. hxg6 fxg6 17. Bh6 Bh8 18. Rdg1 Rab8 19. Be3 Qb4 20. g5 Qxb2+ 21. Kd1 Nh5 22. Ke2 Qb4 23. f4 e6 24. f5 exf5 25. exf5 Be5 26. Nd5 Qxd2+ 27. Kxd2 Kg7 28. f6+ Kf7 29. Rh4 Rb2 30. Ne7 Re8 31. Ndc6 c3+ 32. Kd3 Rxe7 33. Nxe7 Bb5+ 34. Ke4 Rb4+ 0-1

[Event "Seeburg op 1st"]
[Site "Luzern"]
[Date "1999.10.12"]
[Round "7"]
[White "Loetscher, Pirmin"]
[Black "Georges, Sascha"]
[Result "1-0"]
[WhiteElo "2085"]
[BlackElo "2245"]
[PlyCount "81"]
[EventDate "1999.10.08"]
[EventType "swiss"]
[EventRounds "7"]
[EventCountry "SUI"]
[SourceTitle "EXT 2000"]
[Source "ChessBase"]
[SourceDate "1999.11.16"]
[SourceVersion "1"]
[SourceVersionDate "1999.11.16"]
[SourceQuality "1"]

1. e4 c5 2. Nf3 d6 3. d4 cxd4 4. Nxd4 Nf6 5. Nc3 Nc6 6. Be3 Ng4 7. Bg5 h6 8. Bh4 g5 9. Bg3 Bg7 10. Nb3 Be6 11. Qd2 Rc8 12. f3 Nge5 13. Nd5 h5 14. Bf2 h4 15. Be3 h3 16. Qe2 hxg2 17. Bxg2 g4 18. c3 gxf3 19. Bxf3 Nxf3+ 20. Qxf3 Ne5 21. Qe2 Bg4 22. Qb5+ Kf8 23. Nd2 Rh3 24. Bg5 f6 25. 0-0 Kg8 26. Bf4 e6 27. Ne3 Nf3+ 28. Nxf3 Bxf3 29. Qb4 Qe8 30. Bg3 a5 31. Qxd6 Bxe4 32. Rad1 f5 33. Qd7 Bc6 34. Qxe8+ Rxe8 35. Nc4 e5 36. Rxf5 e4 37. Nxa5 Ba4 38. b3 b6 39. bxa4 bxa5 40. Rg5 Kh7 41. Rd7 1-0

[Event "Seeburg op 1st"]
[Site "Luzern"]
[Date "1999.10.09"]
[Round "2"]
[White "Sedina, Elena"]
[Black "Loetscher, Pirmin"]
[Result "1/2-1/2"]
[WhiteElo "2398"]
[BlackElo "2085"]
[PlyCount "104"]
[EventDate "1999.10.08"]
[EventType "swiss"]
[EventRounds "7"]
[EventCountry "SUI"]
[SourceTitle "EXT 2000"]
[Source "ChessBase"]
[SourceDate "1999.11.16"]
[SourceVersion "1"]
[SourceVersionDate "1999.11.16"]
[SourceQuality "1"]

1. e4 c5 2. Nf3 d6 3. Bb5+ Bd7 4. Bxd7+ Qxd7 5. c4 Nc6 6. d4 cxd4 7. Nxd4 g6 8. Nc3 Bg7 9. Be3 Nf6 10. f3 0-0 11. 0-0 Rfc8 12. b3 Rab8 13. Qd2 Qd8 14. Nxc6 bxc6 15. Bxa7 Ra8 16. Bd4 Qa5 17. Rac1 Ra6 18. Rc2 Rca8 19. Na4 Qxd2 20. Rxd2 Bh6 21. Rc2 c5 22. Bf2 Nd7 23. Nc3 Ra3 24. Na4 Ra6 25. Re1 Ne5 26. Rd1 Nc6 27. Re2 Nb4 28. Bh4 g5 29. Bg3 Rxa2 30. Rxa2 Nxa2 31. e5 Bf8 32. exd6 exd6 33. Re1 f5 34. f4 g4 35. Re6 Kf7 36. Re1 Bg7 37. Bh4 Bf6 38. Bxf6 Kxf6 39. Kf2 Nb4 40. Re8 Ra7 41. Rf8+ Ke6 42. Re8+ Kf7 43. Rh8 Ke6 44. Kg3 Nc2 45. Nc3 Nd4 46. Nd5 Nxb3 47. Rf8 Rf7 48. Re8+ Kd7 49. Rb8 Nd2 50. Rb7+ Ke6 51. Nc7+ Kf6 52. Nd5+ Ke6 1/2-1/2

[Event "Bern Ambassador op"]
[Site "Bern"]
[Date "1997.12.??"]
[Round "5"]
[White "Loetscher, Pirmin"]
[Black "Habibi, Ali"]
[Result "0-1"]
[WhiteElo "2042"]
[BlackElo "2260"]
[PlyCount "82"]
[EventDate "1997.12.??"]
[EventType "swiss"]
[EventRounds "7"]
[EventCountry "SUI"]
[SourceTitle "EXT 1999"]
[Source "ChessBase"]
[SourceDate "1998.11.16"]
[SourceVersion "1"]
[SourceVersionDate "1998.11.16"]
[SourceQuality "1"]

1. e4 g6 2. d4 Bg7 3. Nc3 d6 4. Nf3 Nf6 5. Be2 0-0 6. 0-0 e5 7. h3 Nc6 8. Be3 h6 9. Qd2 Kh7 10. dxe5 Nxe5 11. Nxe5 dxe5 12. Bc4 Qxd2 13. Bxd2 c6 14. a4 Kg8 15. Be3 Re8 16. Rfd1 Be6 17. Bxe6 Rxe6 18. Rd3 Kf8 19. a5 Ke8 20. Rad1 g5 21. f3 Bf8 22. Na4 Bb4 23. Nc5 Re7 24. a6 b6 25. Nb7 Rd7 26. Nd6+ Bxd6 27. Rxd6 Ke7 28. R6d2 Rxd2 29. Rxd2 Nd7 30. h4 f6 31. Rd3 Nb8 32. Ra3 c5 33. hxg5 hxg5 34. Kf2 Nc6 35. Ke2 Rh8 36. Ra1 Kd7 37. Bg1 Rh1 38. Kd3 Nb4+ 39. Kc3 Kc6 40. Kb3 Kb5 41. c3 c4+ 0-1